Journal of Computer Society of India (Record no. 10177)

MARC details
000 -LEADER
fixed length control field 00452nam a22001217a 4500
003 - CONTROL NUMBER IDENTIFIER
control field OSt
008 - FIXED-LENGTH DATA ELEMENTS--GENERAL INFORMATION
fixed length control field 201218b ||||| |||| 00| 0 eng d
245 ## - TITLE STATEMENT
Title Journal of Computer Society of India
250 ## - EDITION STATEMENT
Edition statement 2007(Apr-Jun Vol.37 No.2, Jul-Sep Vol.37 No.3, Oct-Dec Vol.37 No.4) 2008(Jan-Mar Vol.38 No.1, Apr-Jun Vol.38 No.2, Jul-Sep Vol.38 No.3)
260 ## - PUBLICATION, DISTRIBUTION, ETC. (IMPRINT)
Place of publication, distribution, etc Mumbai
Name of publisher, distributor, etc Computer Society of India
650 ## - SUBJECT ADDED ENTRY--TOPICAL TERM
Topical term or geographic name as entry element Master of Computer Applications
942 ## - ADDED ENTRY ELEMENTS (KOHA)
Source of classification or shelving scheme Dewey Decimal Classification
Koha item type BOUND VOLUME
Holdings
Withdrawn status Lost status Source of classification or shelving scheme Materials specified (bound volume or other part) Damaged status Not for loan Collection code Home library Current library Date acquired Source of acquisition Serial Enumeration / chronologySerial Enumeration / Volume No. Total Checkouts Acc. no. / Barcode Date last seen Bill Date Koha item type
    Dewey Decimal Classification Bound Volume   Not For Loan MCA PIET C-LIBRARY PIET C-LIBRARY 22/12/2020 Computer Society of India 2007(Apr-Jun Vol.37 No.2, Jul-Sep Vol.37 No.3, Oct-Dec Vol.37 No.4) 2008(Jan-Mar Vol.38 No.1, Apr-Jun Vol.38 No.2, Jul-Sep Vol.38 No.3)   BV920 22/12/2020 09/01/2007 BOUND VOLUME

Design & Developed by: PIET Central Library
R70 Miles Stone Pattikalyana Samalkha Panipat 132102
mail ID :- [email protected], Phone No:- 0180-2569700 Ex.216